| 000 | 00605nam a2200181 a 4500 | ||
|---|---|---|---|
| 005 | 20140412111421.0 | ||
| 008 | 080105s19uu xx 00 eng d | ||
| 020 | _a0-7566-1918-1 | ||
| 050 |
_aM 507.8 _bAr2 2006 |
||
| 100 | _aArdley, Neil | ||
| 245 |
_a101 Great Science Experiments / _cNeil Ardley. |
||
| 260 |
_aNew York : _bDK pub, _c2006. |
||
| 300 | _aunpaged | ||
| 500 | _aIncludes index | ||
| 520 | _aDescribes 101 Science Experiments or activities that can be done with household items and easily found ingredients. | ||
| 650 |
_aScience _xExperiments _xJuvenile Literature |
||
| 999 |
_c106025 _d106025 |
||